| 000 | 00887nam a22002177a 4500 | ||
|---|---|---|---|
| 999 |
_c14330 _d14330 |
||
| 003 | AR-CdUCM | ||
| 008 | 190422b ||||| |||| 00| 0 spa d | ||
| 040 |
_aMUNICIPALIDAD PROVINCIAL DEL CUSCO _cBIBLIOTECA MUNICIPAL DEL CUSCO |
||
| 082 |
_a597 / _bM32 |
||
| 100 |
_aMayer, Fred P. _933066 |
||
| 245 |
_aSugestiones para el tratameinto : _bcomo se determinan las cantidades para tratamientos químicos en la cría de peces / |
||
| 260 |
_aMexico : _bAlianza para el progreso, _c1973. |
||
| 300 |
_a12 paginas ; _bIlustraciones, _c23 cm. |
||
| 505 | _aContenido :Sugestiones para el tratamiento -- Unidades de medida -- Unidades de tratamiento -- Formulas. | ||
| 650 |
_aTratamiento de peces _933067 |
||
| 650 |
_aCrianza de peces _933068 |
||
| 650 |
_aTratamiento _920821 |
||
| 710 |
_aCentro regional de ayuda técnica _910048 |
||
| 942 |
_2ddc _cFOLLETOS |
||
| 945 |
_awnts _d2019-04-22 |
||